Big book of brain-building games : (Record no. 35271)

MARC details
000 -LEADER
fixed length control field 04791nam a22005177a 4500
005 - DATE AND TIME OF LATEST TRANSACTION
control field 20100415112456.0
010 ## - LCCN (DPL NO)
LC control number ENG-96042 B-440906-918
020 ## - INTERNATIONAL STANDARD BOOK NUMBER
International Standard Book Number 9780070700673
Terms of availability 425.00
020 ## - INTERNATIONAL STANDARD BOOK NUMBER
International Standard Book Number 0070700672
Terms of availability 425.00
035 ## - SYSTEM CONTROL NUMBER
System control number EN-79575
035 ## - SYSTEM CONTROL NUMBER
System control number B-440906-918
037 ## - SOURCE OF ACQUISITION
Source of stock number/acquisition DBAD/PUB
037 ## - SOURCE OF ACQUISITION
Source of stock number/acquisition Researchco Book Centre
082 ## - DEWEY DECIMAL CLASSIFICATION NUMBER
Classification number 658.3124
Edition number 22
100 ## - MAIN ENTRY--PERSONAL NAME
Personal name Scannell, Edward E.
245 ## - TITLE STATEMENT
Title Big book of brain-building games :
Remainder of title fun activities to stimulate the brain--for better group learning, communication, and understanding /
Statement of responsibility, etc Edward Scannell & Carol Burnett.
260 ## - PUBLICATION, DISTRIBUTION, ETC. (IMPRINT)
Place of publication, distribution, etc New Delhi
Name of publisher, distributor, etc Tata McGraw-Hill Education
Date of publication, distribution, etc 2010.
270 ## - ADDRESS
Address 7, West Patel Nagar
City New Delhi
Postal code 110008
300 ## - PHYSICAL DESCRIPTION
Extent viii, 230 p. :
Other physical details ill. ;
Dimensions 24 cm.(pbk)
500 ## - GENERAL NOTE
General note Includes bibliographical references
650 ## - SUBJECT ADDED ENTRY--TOPICAL TERM
Topical term or geographic name as entry element Management games.
650 ## - SUBJECT ADDED ENTRY--TOPICAL TERM
Topical term or geographic name as entry element Small groups.
650 ## - SUBJECT ADDED ENTRY--TOPICAL TERM
Topical term or geographic name as entry element Group relations training.
650 ## - SUBJECT ADDED ENTRY--TOPICAL TERM
Topical term or geographic name as entry element Cognition
Form subdivision Problems, exercises, etc.
650 ## - SUBJECT ADDED ENTRY--TOPICAL TERM
Topical term or geographic name as entry element Intellect
Form subdivision Problems, exercises, etc.
700 ## - ADDED ENTRY--PERSONAL NAME
Personal name Burnett, Carol
Fuller form of name (Carol A.),
Dates associated with a name 1947-
9 (RLIN) 30346
942 ## - ADDED ENTRY ELEMENTS (KOHA)
Source of classification or shelving scheme Dewey Decimal Classification
Item type English Books
Classification part 658.3124
Call number suffix SCA
Holdings
Withdrawn status Lost status Materials specified (bound volume or other part) Not for loan Collection code Home library Current library Date acquired Source of acquisition Cost, normal purchase price Full call number Barcode Copy number Cost, replacement price Koha item type
        Non-fiction Central Library Central Library 03/08/2011 Researchco Book Centre/RBC-25096/2011-12/R/20.4.11/76/4.3.11/9.6.11 425.00 658.3124 SCA B-440906 1 425.00 English Books
    Pbk Not For Loan Non-fiction D.B.Act.Division D.B.Act.Division 15/03/2010 DBAD/PUB 425.00 658.3124- SCA EN-79575 1 425.00 English Books
        Non-fiction Janak Puri Janak Puri 03/08/2011 Researchco Book Centre/RBC-25096/2011-12/R/20.4.11/76/4.3.11/9.6.11 425.00 658.3124 SCA B-440913 1 425.00 English Books
  Written-off vide DLB M. No. 383 dt 16.05.19     Non-fiction Karol Bagh Karol Bagh 03/08/2011 Researchco Book Centre/RBC-25096/2011-12/R/20.4.11/76/4.3.11/9.6.11 425.00 658.3124 SCA B-440916 1 425.00 English Books
        Non-fiction Mobile Library Mobile Library 03/08/2011 Researchco Book Centre/RBC-25096/2011-12/R/20.4.11/76/4.3.11/9.6.11 425.00 658.3124 SCA B-440907 5 425.00 English Books
        Non-fiction Mobile Library Mobile Library 03/08/2011 Researchco Book Centre/RBC-25096/2011-12/R/20.4.11/76/4.3.11/9.6.11 425.00 658.3124 SCA B-440908 5 425.00 English Books
Withdrawn       Non-fiction Mobile Library Mobile Library 03/08/2011 Researchco Book Centre/RBC-25096/2011-12/R/20.4.11/76/4.3.11/9.6.11 425.00 658.3124 SCA B-440909 5 425.00 English Books
        Non-fiction Mobile Library Mobile Library 03/08/2011 Researchco Book Centre/RBC-25096/2011-12/R/20.4.11/76/4.3.11/9.6.11 425.00 658.3124 SCA B-440910 5 425.00 English Books
  Written-off vide DLB M. No. 383 dt 16.05.19     Non-fiction Narela Narela 05/08/2011 Researchco Book Centre/RBC-22385/14.3.11/76/4.3.11/21.3.11 425.00 658.3124 SCA B-424025 1 425.00 English Books
  Written-off vide DLB M. No. 383 dt 16.05.19     Non-fiction Patel Nagar Patel Nagar 03/08/2011 Researchco Book Centre/RBC-25096/2011-12/R/20.4.11/76/4.3.11/9.6.11 425.00 658.3124 SCA B-440912 1 425.00 English Books
  Written-off vide DLB M. No. 383 dt 16.05.19     Non-fiction R.C.Libraries (BL-IV) R.C.Libraries (BL-IV) 05/08/2011 Researchco Book Centre/RBC-22385/14.3.11/76/4.3.11/21.3.11 425.00 658.3124 SCA B-424026 2 425.00 English Books
  Written-off vide DLB M. No. 383 dt 16.05.19     Non-fiction R.C.Libraries (BL-IV) R.C.Libraries (BL-IV) 05/08/2011 Researchco Book Centre/RBC-22385/14.3.11/76/4.3.11/21.3.11 425.00 658.3124 SCA B-424027 2 425.00 English Books
        Non-fiction Sarojini Nagar Sarojini Nagar 03/08/2011 Researchco Book Centre/RBC-25096/2011-12/R/20.4.11/76/4.3.11/9.6.11 425.00 658.3124 SCA B-440914 1 425.00 English Books
  Written-off vide DLB M. No. 383 dt 16.05.19     Non-fiction Shahdara Branch Shahdara Branch 03/08/2011 Researchco Book Centre/RBC-25096/2011-12/R/20.4.11/76/4.3.11/9.6.11 425.00 658.3124 SCA B-440917 1 425.00 English Books
        Non-fiction Vinoba Puri Vinoba Puri 03/08/2011 Researchco Book Centre/RBC-25096/2011-12/R/20.4.11/76/4.3.11/9.6.11 425.00 658.3124 SCA B-440911 5 425.00 English Books
        Non-fiction Vinoba Puri Vinoba Puri 03/08/2011 Researchco Book Centre/RBC-25096/2011-12/R/20.4.11/76/4.3.11/9.6.11 425.00 658.3124 SCA B-440915 1 425.00 English Books
  Written-off vide DLB M. No. 383 dt 16.05.19     Non-fiction Yojana Vihar Yojana Vihar 03/08/2011 Researchco Book Centre/RBC-25096/2011-12/R/20.4.11/76/4.3.11/9.6.11 425.00 658.3124 SCA B-440918 1 425.00 English Books

© Delhi Public Library
Hit Counter
free hit counter